Léxico del español del Valle Central de Costa Rica: en los campos referenciales alimentación, casa, cuerpo humano, salud, familia, ciclo de vida, vestuario, vida social y diversiones.
Furkejuvvon:
| Váldodahkki: | |
|---|---|
| Materiálatiipa: | Girji |
| Giella: | Undetermined |
| Almmustuhtton: |
San José, Costa Rica
Escuela de Filología, Lingüística y Literatura
1997
|
| Fáttát: | |
| Fáddágilkorat: |
Lasit fáddágilkoriid
Eai fáddágilkorat, Lasit vuosttaš fáddágilkora!
|
MARC
| LEADER | 00000nam a2200000Ia 4500 | ||
|---|---|---|---|
| 008 | 170316s9999 xx 000 0 und d | ||
| 040 | |a cru BVZT | ||
| 090 | |a Tesis 584 | ||
| 100 | |a Camacho Víquez, Hilda | ||
| 245 | |a Léxico del español del Valle Central de Costa Rica: en los campos referenciales alimentación, casa, cuerpo humano, salud, familia, ciclo de vida, vestuario, vida social y diversiones. | ||
| 260 | |a San José, Costa Rica | ||
| 260 | |b Escuela de Filología, Lingüística y Literatura | ||
| 260 | |c 1997 | ||
| 300 | |a 280 páginas | ||
| 650 | |a LICENCIATURA FILOLOGÍA ESPAÑOLA | ||
| 650 | |a TRABAJO FINAL DE GRADUACIÓN | ||
| 999 | |c 14232 |d 14232 | ||
| 942 | |c TFG |h Tesis 584 |2 z | ||
